[Event "Maastricht Limburg op-A 8th"]
[Site "Maastricht"]
[Date "2014.06.07"]
[Round "2"]
[White "Fier, Alexandr"]
[Black "Xiong, Ferdinand"]
[Result "1-0"]
[WhiteElo "2580"]
[BlackElo "2110"]
[PlyCount "93"]
[EventDate "2014.06.06"]
[EventType "swiss"]
[EventRounds "7"]
[EventCountry "NED"]
[SourceTitle "CBM 160 Extra"]
[Source "ChessBase"]
[SourceDate "2014.07.01"]
[SourceVersion "1"]
[SourceVersionDate "2014.07.01"]
[SourceQuality "1"]

1. e4 c5 2. Nf3 d6 3. d4 cxd4 4. Nxd4 Nf6 5. Nc3 g6 6. Be3 Bg7 7. f3 0-0 8. Qd2 Nc6 9. Bc4 Nxd4 10. Bxd4 Be6 11. Bxe6 fxe6 12. 0-0-0 Qa5 13. Kb1 Rac8 14. Ne2 Qb5 15. Qd3 Qc6 16. Qb3 Kh8 17. Bxa7 Qa6 18. Nd4 Qxa7 19. Nxe6 Rc6 20. e5 Rb6 21. exf6 Bxf6 22. Nxf8 Rxb3 23. axb3 Qf2 24. Nd7 Bg5 25. h4 Bxh4 26. Nf8 g5 27. Ne6 Qxg2 28. f4 gxf4 29. Rxh4 Qe2 30. Rdh1 Qxe6 31. Rxh7+ Kg8 32. Rh8+ Kf7 33. R1h7+ Kf6 34. Rh6+ Kf5 35. Rxe6 Kxe6 36. Kc1 Kd5 37. Rh7 e5 38. Rxb7 Ke4 39. Kd2 Kf3 40. Ke1 d5 41. b4 d4 42. b5 Ke3 43. Re7 e4 44. b6 f3 45. b7 f2+ 46. Kf1 Kd2 47. Rxe4 1-0

[Event "Maastricht Limburg op-A 8th"]
[Site "Maastricht"]
[Date "2014.06.07"]
[Round "3"]
[White "Xiong, Ferdinand"]
[Black "Snuverink, Michiel"]
[Result "1-0"]
[WhiteElo "2110"]
[BlackElo "2053"]
[PlyCount "109"]
[EventDate "2014.06.06"]
[EventType "swiss"]
[EventRounds "7"]
[EventCountry "NED"]
[SourceTitle "CBM 160 Extra"]
[Source "ChessBase"]
[SourceDate "2014.07.01"]
[SourceVersion "1"]
[SourceVersionDate "2014.07.01"]
[SourceQuality "1"]

1. Nf3 Nc6 2. d4 d6 3. g3 e5 4. Bg2 Be7 5. 0-0 Bg4 6. h3 Bxf3 7. Bxf3 exd4 8. Bxc6+ bxc6 9. Qxd4 Bf6 10. Qa4 Qd7 11. Nc3 Bxc3 12. bxc3 Ne7 13. Kg2 0-0 14. e4 f5 15. Bg5 fxe4 16. Qxe4 Rae8 17. Rae1 Nd5 18. Qd3 Rxe1 19. Rxe1 Qf5 20. Qxf5 Rxf5 21. Bd2 Kf7 22. g4 Rf6 23. Re4 Nb6 24. Bg5 Re6 25. Kf3 Rxe4 26. Kxe4 Ke6 27. f4 d5+ 28. Kd4 Kd6 29. f5 c5+ 30. Ke3 Nc4+ 31. Kf4 Na3 32. h4 Nxc2 33. h5 d4 34. cxd4 cxd4 35. Ke4 c5 36. Bf4+ Ke7 37. Be5 Kf7 38. g5 g6 39. fxg6+ hxg6 40. h6 Kg8 41. a4 Ne3 42. Bb8 a5 43. Ba7 Nc4 44. Bxc5 d3 45. Kxd3 Nb2+ 46. Ke4 Kh7 47. Bd4 Nc4 48. Kd5 Nd2 49. Be3 Nf3 50. Ke4 Nh4 51. Bb6 Nf5 52. Bxa5 Nd6+ 53. Kd5 Nf7 54. Bd2 Nh8 55. a5 1-0

[Event "Bayernliga U20 1314"]
[Site "Bayern"]
[Date "2013.11.30"]
[Round "3.1"]
[White "Mons, Leon"]
[Black "Xiong, Ferdinand"]
[Result "1-0"]
[WhiteElo "2456"]
[BlackElo "2177"]
[PlyCount "49"]
[EventDate "2013.11.16"]
[EventType "team-tourn"]
[EventRounds "7"]
[EventCountry "GER"]
[SourceTitle "EXT 2022"]
[Source "ChessBase"]
[SourceDate "2021.10.06"]
[SourceVersion "1"]
[SourceVersionDate "2021.10.06"]
[SourceQuality "1"]
[WhiteTeam "Forchheim SC U20"]
[BlackTeam "Vaterstetten SC U20"]
[WhiteTeamCountry "GER"]
[BlackTeamCountry "GER"]

1. e4 c5 2. Nf3 d6 3. Bb5+ Bd7 4. c4 Nf6 5. Nc3 g6 6. 0-0 Bg7 7. d4 cxd4 8. Nxd4 0-0 9. h3 Nc6 10. Be3 Rc8 11. Rc1 a6 12. Bxc6 bxc6 13. c5 Be6 14. Qa4 Bd7 15. Qxa6 e5 16. Nf3 d5 17. Nxe5 Nxe4 18. Nxd7 Qxd7 19. Nxe4 dxe4 20. b4 Rb8 21. Qc4 Qd3 22. Rfd1 Qa3 23. Rb1 Bc3 24. Rb3 Rxb4 25. Qxc3 1-0

[Event "Bayernliga U20 1314"]
[Site "Bayern"]
[Date "2013.11.30"]
[Round "2.1"]
[White "Xiong, Ferdinand"]
[Black "Schulz, Lukas"]
[Result "1/2-1/2"]
[WhiteElo "2177"]
[BlackElo "2158"]
[PlyCount "74"]
[EventDate "2013.11.16"]
[EventType "team-tourn"]
[EventRounds "7"]
[EventCountry "GER"]
[SourceTitle "EXT 2022"]
[Source "ChessBase"]
[SourceDate "2021.10.06"]
[SourceVersion "1"]
[SourceVersionDate "2021.10.06"]
[SourceQuality "1"]
[WhiteTeam "Vaterstetten SC U20"]
[BlackTeam "Hoechstadt SC U20"]
[WhiteTeamCountry "GER"]
[BlackTeamCountry "GER"]

1. e4 d5 2. exd5 Nf6 3. Bb5+ Bd7 4. Be2 Nxd5 5. d4 Bf5 6. Nf3 e6 7. 0-0 Be7 8. a3 0-0 9. c4 Nb6 10. Nc3 Bf6 11. Ne5 N8d7 12. f4 c5 13. Be3 Qe7 14. g4 cxd4 15. Bxd4 Bg6 16. Nxd7 Nxd7 17. f5 exf5 18. gxf5 Bxd4+ 19. Qxd4 Qg5+ 20. Qg4 Qxg4+ 21. Bxg4 Nf6 22. Bd1 Bh5 23. Bxh5 Nxh5 24. Nd5 Rfd8 25. Rae1 Kf8 26. Kf2 Rac8 27. b3 b5 28. Re4 Rc5 29. Ke3 bxc4 30. bxc4 Ra5 31. Ra1 Nf6 32. Nxf6 gxf6 33. Rc1 Rxa3+ 34. Kf4 Rd2 35. h4 h5 36. Re3 Rd4+ 37. Kf3 Rxh4 1/2-1/2

[Event "Bayern-chI Bank Hofmann 17th"]
[Site "Bad Wiessee"]
[Date "2013.11.01"]
[Round "8"]
[White "Giemsa, Stephan"]
[Black "Xiong, Ferdinand"]
[Result "1-0"]
[WhiteElo "2321"]
[BlackElo "2102"]
[PlyCount "57"]
[EventDate "2013.10.26"]
[EventType "swiss"]
[EventRounds "9"]
[EventCountry "GER"]
[SourceTitle "EXT 2014"]
[Source "ChessBase"]
[SourceDate "2013.11.20"]
[SourceVersion "1"]
[SourceVersionDate "2013.11.20"]
[SourceQuality "1"]

1. d4 Nf6 2. c4 g6 3. Nc3 Bg7 4. e4 0-0 5. Bd3 d6 6. Nge2 c5 7. d5 e6 8. 0-0 exd5 9. cxd5 Re8 10. Ng3 Nbd7 11. f4 h5 12. e5 dxe5 13. f5 e4 14. Ngxe4 Nxe4 15. Nxe4 Ne5 16. fxg6 fxg6 17. Bc2 Bg4 18. Qd2 Qb6 19. d6 c4+ 20. Kh1 Rf8 21. Qd5+ Kh8 22. Bd2 Be2 23. Rxf8+ Rxf8 24. Bc3 Ng4 25. h3 Nf2+ 26. Nxf2 Qxf2 27. Bxg6 Bf3 28. gxf3 Rxf3 29. Qxh5+ 1-0

[Event "Bayern-chI Bank Hofmann 17th"]
[Site "Bad Wiessee"]
[Date "2013.10.29"]
[Round "5"]
[White "Klundt, Klaus"]
[Black "Xiong, Ferdinand"]
[Result "1-0"]
[WhiteElo "2340"]
[BlackElo "2102"]
[PlyCount "61"]
[EventDate "2013.10.26"]
[EventType "swiss"]
[EventRounds "9"]
[EventCountry "GER"]
[SourceTitle "EXT 2014"]
[Source "ChessBase"]
[SourceDate "2013.11.20"]
[SourceVersion "1"]
[SourceVersionDate "2013.11.20"]
[SourceQuality "1"]

1. e4 c5 2. Nc3 g6 3. Nf3 Bg7 4. d4 cxd4 5. Nxd4 Nc6 6. Be3 Nf6 7. Bc4 d6 8. h3 0-0 9. Bb3 Na5 10. 0-0 b6 11. f4 Bb7 12. Qd3 Nd7 13. Qe2 Nc5 14. Bf2 e5 15. fxe5 dxe5 16. Ndb5 Naxb3 17. axb3 f5 18. Rad1 Qg5 19. Bxc5 bxc5 20. Nd6 Qe7 21. exf5 gxf5 22. Nxf5 Qg5 23. Ne4 Bxe4 24. Qxe4 Rad8 25. Rxd8 Rxd8 26. h4 Qf6 27. Nxg7 Qxg7 28. Rf5 Qh6 29. Rg5+ Kf7 30. Qf5+ Qf6 31. Qxh7+ 1-0

[Event "Bayern-chI Bank Hofmann 17th"]
[Site "Bad Wiessee"]
[Date "2013.10.27"]
[Round "3"]
[White "Xiong, Ferdinand"]
[Black "Eichhorn, Andreas"]
[Result "1-0"]
[WhiteElo "2102"]
[BlackElo "2331"]
[PlyCount "49"]
[EventDate "2013.10.26"]
[EventType "swiss"]
[EventRounds "9"]
[EventCountry "GER"]
[SourceTitle "EXT 2014"]
[Source "ChessBase"]
[SourceDate "2013.11.20"]
[SourceVersion "1"]
[SourceVersionDate "2013.11.20"]
[SourceQuality "1"]

1. e4 c5 2. Nf3 e6 3. d4 cxd4 4. Nxd4 a6 5. Nc3 Qc7 6. Bd3 Nf6 7. 0-0 b5 8. Kh1 Bb7 9. a3 Nc6 10. Nb3 Ne5 11. f4 Nxd3 12. cxd3 Be7 13. Be3 0-0 14. Rc1 Qd8 15. Nc5 Bc6 16. e5 Nd5 17. Nxd5 Bxd5 18. f5 f6 19. d4 Bc4 20. exf6 Rxf6 21. Rf2 Rxf5 22. Rxf5 exf5 23. Qf3 Bxc5 24. dxc5 Bd3 25. Qd5+ 1-0

[Event "GER-chT U16"]
[Site "Naumburg"]
[Date "2012.12.28"]
[Round "4"]
[White "Xiong, Ferdinand"]
[Black "Noe, Christopher"]
[Result "1/2-1/2"]
[WhiteElo "1987"]
[BlackElo "2257"]
[PlyCount "46"]
[EventDate "2012.12.27"]
[EventType "team-swiss"]
[EventRounds "7"]
[EventCountry "GER"]
[SourceTitle "EXT 2014"]
[Source "ChessBase"]
[SourceDate "2013.11.20"]
[SourceVersion "1"]
[SourceVersionDate "2013.11.20"]
[SourceQuality "1"]
[WhiteTeam "Vaterstetten"]
[BlackTeam "Eppingen"]
[WhiteTeamCountry "GER"]
[BlackTeamCountry "GER"]

1. e4 c5 2. Nf3 e6 3. d4 cxd4 4. Nxd4 a6 5. Nc3 d6 6. Bc4 Nf6 7. 0-0 Be7 8. f4 Qc7 9. Bb3 0-0 10. f5 e5 11. Nde2 Nc6 12. Bg5 b5 13. Bxf6 Bxf6 14. Nd5 Qd8 15. a4 Rb8 16. c3 Na5 17. axb5 Nxb3 18. Qxb3 Rxb5 19. Qa3 Bg5 20. c4 Rb8 21. Rad1 Bb7 22. Nec3 Qc8 23. Qa2 Qc5+ 1/2-1/2

[Event "GER-chT U16"]
[Site "Naumburg"]
[Date "2012.12.27"]
[Round "2"]
[White "Xiong, Ferdinand"]
[Black "Hinrichs, Lars"]
[Result "1-0"]
[WhiteElo "1987"]
[BlackElo "1937"]
[PlyCount "105"]
[EventDate "2012.12.27"]
[EventType "team-swiss"]
[EventRounds "7"]
[EventCountry "GER"]
[SourceTitle "EXT 2014"]
[Source "ChessBase"]
[SourceDate "2013.11.20"]
[SourceVersion "1"]
[SourceVersionDate "2013.11.20"]
[SourceQuality "1"]
[WhiteTeam "Vaterstetten"]
[BlackTeam "Hamburger SK"]
[WhiteTeamCountry "GER"]
[BlackTeamCountry "GER"]

1. e4 e6 2. d4 d5 3. Nc3 Bb4 4. exd5 exd5 5. Bd3 Nf6 6. Nge2 c5 7. dxc5 Bxc5 8. 0-0 0-0 9. Bg5 Be6 10. Nf4 d4 11. Bxf6 Qxf6 12. Nxe6 fxe6 13. Qh5 g6 14. Qxc5 dxc3 15. Qxc3 Qxc3 16. bxc3 Nd7 17. Rfe1 Rf6 18. Be4 Nc5 19. Rad1 Rc8 20. c4 Rf4 21. Rd4 Rxe4 22. Rdxe4 Nxe4 23. Rxe4 Kf7 24. Kf1 Rc5 25. a3 Ra5 26. Re3 Rc5 27. Rb3 b6 28. Rb4 Ra5 29. a4 Rc5 30. Ke2 Ke7 31. Kd3 Kd6 32. Rb5 Rc7 33. f4 Rd7 34. Re5 Rc7 35. Kd4 Rc8 36. a5 Rc6 37. axb6 axb6 38. Rb5 h6 39. h4 Ke7 40. c5 bxc5+ 41. Rxc5 Rd6+ 42. Ke5 Rd7 43. c4 Ra7 44. g3 Kf7 45. Rc6 Re7 46. c5 h5 47. Kd6 Kf6 48. Rc7 Re8 49. Kd7 Ra8 50. c6 Kf5 51. Rc8 Ra3 52. Rf8+ Kg4 53. c7 1-0